|
|
|
|
| LEADER |
01379nam a2200325 a 4500 |
| 001 |
19589 |
| 003 |
BD-DhAAL |
| 005 |
20250713151042.0 |
| 008 |
091115s2007 enka f b 001 0 eng d |
| 010 |
|
|
|a 2005901200
|
| 020 |
|
|
|a 9788178298566 (pb)
|
| 020 |
|
|
|a 1412908434
|
| 020 |
|
|
|a 1853963836 (pbk.)
|
| 040 |
|
|
|a UKM
|c UKM
|d BAKER
|d DLC
|d BD-DhAAL
|
| 082 |
0 |
4 |
|a 658.1511
|2 22
|
| 100 |
1 |
|
|a Coombs, Hugh M.
|q (Hugh Malcolm)
|9 40102
|
| 245 |
1 |
0 |
|a Management accounting :
|b principles and applications /
|c Hugh Coombs, David Hobbs, Ellis Jenkins.
|
| 260 |
|
|
|a London ;
|a Thousand Oaks :
|b SAGE Publications,
|c 2005.
|
| 300 |
|
|
|a xi, 347 pages :
|b illustrations ;
|c 24 cm.
|
| 504 |
|
|
|a Includes bibliographical references (p. [339]-342) and index.
|
| 526 |
|
|
|x Requisitioned by Faculties of BBS
Course name and no : N/A
|
| 541 |
1 |
|
|a Karim International
|e 00019589
|
| 650 |
|
0 |
|a Managerial accounting.
|9 40103
|
| 650 |
|
0 |
|a Management.
|
| 700 |
1 |
|
|a Hobbs, David,
|d 1955-
|9 40104
|
| 700 |
1 |
|
|a Jenkins, D. E.
|q (David Ellis)
|9 40105
|
| 852 |
4 |
|
|a Ayesha Abed Library
|j General Stacks
|
| 942 |
|
|
|2 ddc
|c BK
|
| 999 |
|
|
|c 5522
|d 5522
|
| 952 |
|
|
|0 0
|1 0
|2 ddc
|4 0
|6 658_1511_COO
|7 0
|9 5397
|a BRACUL
|b BRACUL
|c GEN
|d 2009-11-14
|e Karim Interantional
|g 456.00
|l 4
|m 12
|o 658.1'511 COO
|p 3010019589
|r 2018-11-25
|s 2018-10-22
|t 1
|w 2009-11-15
|y BK
|x Requisitioned by Faculties of BBS. Course name and no. "not available".
|